Countries of Europe in Alphabetical Order (Easy) - Statistics

General Stats
  • This quiz has been taken 68 times
    26 since last reset
  • The average score is 21 of 45
Answer Stats
Country % Correct
Albania
100%
Andorra
80%
Austria
80%
Bosnia and Herzegovina
80%
Belarus
70%
Belgium
70%
Bulgaria
70%
Croatia
60%
Estonia
60%
Finland
60%
France
60%
Germany
60%
Greece
60%
Czech Republic
50%
Denmark
50%
Hungary
50%
Iceland
50%
Ireland
50%
Latvia
50%
Italy
40%
Kosovo
40%
Liechtenstein
40%
Lithuania
40%
Luxembourg
40%
Moldova
40%
Monaco
40%
Montenegro
40%
Netherlands
40%
North Macedonia
40%
Norway
40%
Poland
40%
Malta
30%
Portugal
30%
Romania
30%
San Marino
30%
Serbia
30%
Slovakia
30%
Slovenia
30%
Spain
30%
Sweden
30%
Switzerland
30%
Vatican City
30%
Russia
20%
Ukraine
20%
United Kingdom
20%
No matching quizzes found
Score Distribution
Percent of People with Each Score
Percentile by Number Answered
Your Score History
You have not taken this quiz since the last reset